Preparing for flooding (Record no. 109574)
[ view plain ]
| 000 -LEADER | |
|---|---|
| fixed length control field | 01572cad a22002415a 4500 |
| 001 - CONTROL NUMBER | |
| control field | E147473 |
| 008 - FIXED-LENGTH DATA ELEMENTS--GENERAL INFORMATION | |
| fixed length control field | 090514s2009 xxkao f 000 0 eng d |
| 035 ## - SYSTEM CONTROL NUMBER | |
| System control number | (Sirsi) u147473 |
| 041 0# - LANGUAGE CODE | |
| Language code of text/sound track or separate title | eng |
| 050 04 - LIBRARY OF CONGRESS CALL NUMBER | |
| Classification number | 627.4 $2 18 |
| 110 2# - MAIN ENTRY--CORPORATE NAME | |
| Corporate name or jurisdiction name as entry element | Scottish Environment Protection Agency |
| 9 (RLIN) | 3523 |
| 245 00 - TITLE STATEMENT | |
| Title | Preparing for flooding |
| Remainder of title | a guide for small and medium sized businesses in Scotland |
| Medium | [electronic resource] |
| 260 ## - PUBLICATION, DISTRIBUTION, ETC. | |
| Place of publication, distribution, etc. | [Stirling] |
| Name of publisher, distributor, etc. | SEPA |
| Date of publication, distribution, etc. | [2009] |
| 505 2# - FORMATTED CONTENTS NOTE | |
| Formatted contents note | Introduction -- Assessing the risk of flooding to your business -- Receiving advance warning of flooding -- Flooding in Scotland, who does what? -- Preparing a business flood plan -- Flood protection measures -- Flood protection products -- Increasing premises' flood resilience -- During a flood -- After a flood -- Supporting staff who may have suffered from flooding -- Dealing with waste arising from a flood -- Additional advice for the farming sector -- Checklist -- Useful contacts |
| 520 ## - SUMMARY, ETC. | |
| Summary, etc. | Offers advice to businesses on preparing for fooding. Suggests that by undertaking such advance preparation, businesses could save 20-90% of losses to stock and moveable equipment, and also cut down the time needed to get the business back to normal again afterwards. |
| 521 ## - TARGET AUDIENCE NOTE | |
| Target audience note | Introductory |
| 590 ## - LOCAL NOTE (RLIN) | |
| Local note | KA |
| 651 #4 - SUBJECT ADDED ENTRY--GEOGRAPHIC NAME | |
| Geographic name | Scotland |
| Chronological subdivision | 1999- |
| 690 ## - LOCAL SUBJECT ADDED ENTRY--TOPICAL TERM (OCLC, RLIN) | |
| Topical term or geographic name as entry element | ENVIRONMENTAL AND LAND CONSULTANCY-WATER RESOURCE MANAGEMENT-FLOODING |
| 710 1# - ADDED ENTRY--CORPORATE NAME | |
| Corporate name or jurisdiction name as entry element | Scottish Flood Forum |
| 856 40 - ELECTRONIC LOCATION AND ACCESS | |
| Uniform Resource Identifier | <a href="https://www.sepa.org.uk/flooding/flooding_publications.aspx">https://www.sepa.org.uk/flooding/flooding_publications.aspx</a> |
| Public note | View the guide free of charge at www.sepa.org.uk... |
| 942 ## - ADDED ENTRY ELEMENTS (KOHA) | |
| Suppress in OPAC | 0 |
| Withdrawn status | Lost status | Source of classification or shelving scheme | Damaged status | Not for loan | Home library | Current library | Shelving location | Date acquired | Total Checkouts | Full call number | Barcode | Date last seen | Copy number | Price effective from | Koha item type |
|---|---|---|---|---|---|---|---|---|---|---|---|---|---|---|---|
| Dewey Decimal Classification | Virtual | Virtual | Online | 14/05/2009 | ONLINE PUBLICATION | 147473-2001 | 06/08/2019 | 1 | 06/08/2019 | Book |